| 000 | 00409nam a2200145Ia 4500 | ||
|---|---|---|---|
| 008 | 231221s9999 xx 000 0 und d | ||
| 020 | _a978-0-86612-166-8 | ||
| 041 | _aEnglish | ||
| 082 | _a642.0722 AME;1 R | ||
| 100 | _aAmerican Hotel and Lodging Educational Institute | ||
| 245 | 0 | _aCase studies in food service management | |
| 260 |
_c1998 _bAH & LEI _aLansing MI |
||
| 300 | _axi+114 | ||
| 942 | _cHM | ||
| 999 |
_c208603 _d208603 |
||